El servicio de préstamo a domicilio. (Record no. 24627)
[ view plain ]
| 000 -CABECERA | |
|---|---|
| campo de control de longitud fija | 00746nam a2200229 a 4500 |
| 001 - NÚMERO DE CONTROL | |
| campo de control | 000025134 |
| 005 - FECHA Y HORA DE LA ÚLTIMA TRANSACCIÓN | |
| campo de control | 20200930023600.0 |
| 008 - DATOS DE LONGITUD FIJA--INFORMACIÓN GENERAL | |
| campo de control de longitud fija | 110210s2004 mx ac r 000 0 spa d |
| 020 ## - NÚMERO INTERNACIONAL ESTÁNDAR DEL LIBRO | |
| Número Internacional Estándar del Libro | 9701865529 |
| 040 ## - FUENTE DE LA CATALOGACIÓN | |
| Centro catalogador/agencia de origen | DO-SdBNP |
| Lengua de catalogación | spa |
| Centro/agencia transcriptor | BNPHU |
| 082 ## - NÚMERO DE LA CLASIFICACIÓN DECIMAL DEWEY | |
| Número de clasificación | xxxxx |
| Número de documento/Ítem | D598s |
| 049 ## - FONDOS LOCALES (OCLC) | |
| Fondos de biblioteca | BNGR |
| 110 2# - ENTRADA PRINCIPAL--NOMBRE DE ENTIDAD CORPORATIVA | |
| Nombre de entidad corporativa o nombre de jurisdicción como elemento de entrada | Dirección General de Bibliotecas. |
| 9 (RLIN) | 51529 |
| 245 13 - MENCIÓN DE TÍTULO | |
| Título | El servicio de préstamo a domicilio. |
| 250 ## - MENCIÓN DE EDICIÓN | |
| Mención de edición | 3a reimp. de la 2a ed. |
| 260 ## - PUBLICACIÓN, DISTRIBUCIÓN, ETC. | |
| Lugar de publicación, distribución, etc. | México, D. F. : |
| Nombre del editor, distribuidor, etc. | Consejo Nacional para la Cultura y las Artes (CONACULTA), |
| Fecha de publicación, distribución, etc. | 2004. |
| 300 ## - DESCRIPCIÓN FÍSICA | |
| Extensión | 59 p. : |
| Otras características físicas | il., retrs. ; |
| Dimensiones | 20.5 cm. |
| 490 1# - MENCIÓN DE SERIE | |
| Mención de serie | Apoyo a la capacitación bibliotecaria |
| 490 1# - MENCIÓN DE SERIE | |
| Mención de serie | Manuales |
| 830 #0 - PUNTO DE ACCESO ADICIONAL DE SERIE-TÍTULO UNIFORME | |
| Título uniforme | Apoyo a la capacitación bibliotecaria |
| 9 (RLIN) | 51530 |
| 830 #0 - PUNTO DE ACCESO ADICIONAL DE SERIE-TÍTULO UNIFORME | |
| Título uniforme | Manuales |
| 9 (RLIN) | 35652 |
| Estado de retiro | Estado de pérdida | Restricciones de uso | No para préstamo | Código de colección | Localización permanente | Ubicación/localización actual | Ubicación en estantería | Fecha de adquisición | Número de inventario | Total de préstamos | Signatura topográfica completa | Código de barras | Fecha visto por última vez | Precio válido a partir de | Tipo de ítem Koha |
|---|---|---|---|---|---|---|---|---|---|---|---|---|---|---|---|
| Monografías: Libros y Folletos | General | General | En catalogación | 10.02.2011 | LF1 | xxxxx D598s | 25134-10 | 25.06.2020 | 25.06.2020 | Préstamo en sala |
